000 00373nam a2200145Ia 4500
008 231129s1999||||xx |||||||||||||| ||spa||
020 _a958-614-694-4
040 _bspa
082 _a190 R436f
100 _aRestrepo Trujillo Jorge
245 0 _aFilosofí­a para profanos
260 _c1999
264 _aAriel
942 _2ddc
_cBKS
999 _c13978
_d13978